| 000 | 00990nam2a2200241 4500 | ||
|---|---|---|---|
| 001 | rc\2831905 | ||
| 005 | 20260315045153.0 | ||
| 035 | _a(NLR Aleph) 006989840 | ||
| 090 |
_a13571962 _c13571962 |
||
| 100 | _a20110626d1930 u y0rusy50 ca | ||
| 101 | 0 | _arus | |
| 102 | _aRU | ||
| 105 | _ay g ||||| | ||
| 200 | 1 | _aСправочник по математике для инженеров, техников, студентов и преподавателей математики | |
| 205 | _a2-е изд. | ||
| 210 | _d1930 | ||
| 461 | 0 |
_1001rc\2831897 _12001#$aИнженерно-Промышленная библиотека$eБ. Серия 3 № XIII-19-$v№ 31 _95615735 _cМосква _d1927 _nГос. техн. изд-во _oБ. Серия 3 № XIII-19- _tИнженерно-Промышленная библиотека _v№ 31 |
|
| 700 | 1 |
_aДуббель _bГ. |
|
| 801 | 0 |
_aRU _bNLR _gpsbo |
|
| 801 | 1 |
_aRU _bELAR _2rusmarc |
|
| 852 |
_aNLR _j30-15/380(31) |
||
| 942 | _cUNSPEC | ||
| 980 | _aNB | ||